Normal view
MARC view
Entry Topical Term
001 - CONTROL NUMBER
- control field: 16225
003 - CONTROL NUMBER IDENTIFIER
- control field: HDC
005 - DATE AND TIME OF LATEST TRANSACTION
- control field: 20230624073457.0
008 - FIXED-LENGTH DATA ELEMENTS
- fixed length control field: 210221|| aca||aabn | a|a d
040 ## - CATALOGING SOURCE
- Original cataloging agency: HDC
- Transcribing agency: HDC
150 ## - HEADING--TOPICAL TERM
- Topical term or geographic name entry element: bilateral trade
- Geographic subdivision: Indonesia
- Geographic subdivision: Egypt
670 ## - SOURCE DATA FOUND
- Source citation: Work cat.: (HDC): Industry Minister optimistic exports to Egypt to grow 20 pct, 2010
